[Event "Stare Mesto Slavia Kromeriz op 2nd"]
[Site "Stare Mesto"]
[Date "2024.03.29"]
[Round "3"]
[White "Gruber, Tomas"]
[Black "Krajicek, Matej"]
[Result "1-0"]
[WhiteElo "1774"]
[BlackElo "1874"]
[PlyCount "103"]
[EventDate "2024.03.28"]
[EventType "swiss"]
[EventRounds "7"]
[EventCountry "CZE"]
[SourceTitle "CB14_2024"]
[SourceDate "2024.04.01"]
[SourceVersion "1"]
[SourceVersionDate "2024.04.01"]
[SourceQuality "1"]

1. c4 Nf6 2. Nc3 g6 3. g3 Bg7 4. Bg2 d6 5. e4 0-0 6. Nge2 e5 7. 0-0 Bd7 8. h3 Qc8 9. Kh2 Be6 10. d3 Nfd7 11. Be3 Nc6 12. Nd5 Qd8 13. Qd2 Ne7 14. Bh6 c6 15. Bxg7 Kxg7 16. Nxe7 Qxe7 17. b3 f6 18. d4 Bf7 19. d5 c5 20. Nc3 Be8 21. Rae1 f5 22. f4 fxe4 23. Nxe4 Bf7 24. fxe5 dxe5 25. Ng5 Qd6 26. Qc3 Rae8 27. Rf2 Bg8 28. Ref1 Rxf2 29. Rxf2 Rf8 30. Rxf8 Kxf8 31. h4 h6 32. Ne4 Qe7 33. Bh3 Ke8 34. d6 Qg7 35. Qf3 Qf7 36. Bxd7+ Kxd7 37. Nxc5+ Kxd6 38. Qxf7 Bxf7 39. Nxb7+ Kc7 40. Nc5 Kc6 41. Ne4 Be6 42. Kg2 Bf5 43. Kf3 h5 44. Ke3 Bg4 45. Nc3 Bf5 46. b4 Kd6 47. c5+ Kc6 48. Ne4 Kd5 49. Nd6 Bb1 50. a3 Bf5 51. a4 Bd7 52. Nb5 1-0

[Event "Stare Mesto Slavia Kromeriz op 2nd"]
[Site "Stare Mesto"]
[Date "2024.03.28"]
[Round "1"]
[White "Gruber, Tomas"]
[Black "Turner, Radek"]
[Result "1/2-1/2"]
[WhiteElo "1774"]
[BlackElo "2020"]
[PlyCount "65"]
[EventDate "2024.03.28"]
[EventType "swiss"]
[EventRounds "7"]
[EventCountry "CZE"]
[SourceTitle "CB14_2024"]
[SourceDate "2024.04.01"]
[SourceVersion "1"]
[SourceVersionDate "2024.04.01"]
[SourceQuality "1"]

1. c4 Nf6 2. Nc3 g6 3. g3 Bg7 4. Bg2 d6 5. e4 c5 6. Nge2 Nc6 7. 0-0 0-0 8. d3 Ne8 9. Be3 Nc7 10. d4 cxd4 11. Nxd4 Ne6 12. Nde2 Rb8 13. Rb1 a5 14. Qd2 Ne5 15. b3 Ng4 16. Nd5 Nxe3 17. Qxe3 Bd7 18. Rfd1 Re8 19. Nec3 Nc5 20. Nb5 Na6 21. Qb6 Qxb6 22. Nxb6 Bc6 23. Nd4 Nb4 24. a3 Na2 25. Rd3 Nc3 26. Re1 f5 27. exf5 gxf5 28. Nxc6 bxc6 29. Bxc6 Red8 30. Nd5 Rxb3 31. Nxc3 Bxc3 32. Rxe7 Rxa3 33. Kg2 1/2-1/2

[Event "Mlada Boleslav Region-ch U20"]
[Site "Mlada Boleslav"]
[Date "2013.06.22"]
[Round "4"]
[White "Gruber, Tomas"]
[Black "Sefcik, Miroslav"]
[Result "1-0"]
[WhiteElo "1698"]
[BlackElo "1495"]
[PlyCount "41"]
[EventDate "2013.06.22"]
[EventType "swiss"]
[EventRounds "7"]
[EventCountry "CZE"]
[SourceTitle "EXT 2015"]
[Source "ChessBase"]
[SourceDate "2014.11.20"]
[SourceVersion "1"]
[SourceVersionDate "2014.11.20"]
[SourceQuality "1"]

1. c4 e5 2. Nc3 Nf6 3. g3 Bc5 4. Bg2 d6 5. Nf3 Bd7 6. 0-0 Bc6 7. e3 0-0 8. d4 exd4 9. exd4 Bb6 10. b4 a6 11. a4 Re8 12. Bg5 Bxf3 13. Bxf3 c6 14. Ne4 Bc7 15. Nxf6+ gxf6 16. Bh6 Qd7 17. Re1 Rxe1+ 18. Qxe1 Qe6 19. d5 Qe5 20. Qe4 Qxa1+ 21. Kg2 1-0

[Event "CZE-ch U10"]
[Site "Kouty nad Desnou"]
[Date "2009.03.12"]
[Round "7"]
[White "Liska, Jiri2222"]
[Black "Gruber, Tomas"]
[Result "1-0"]
[WhiteElo "1250"]
[BlackElo "1430"]
[PlyCount "69"]
[EventDate "2009.03.07"]
[EventType "swiss"]
[EventRounds "9"]
[EventCountry "CZE"]
[SourceTitle "EXT 2011"]
[Source "ChessBase"]
[SourceDate "2010.11.26"]
[SourceVersion "1"]
[SourceVersionDate "2010.11.26"]
[SourceQuality "1"]

1. e4 e5 2. Nf3 Nc6 3. Nc3 Bc5 4. Nxe5 Bxf2+ 5. Kxf2 Nxe5 6. d4 Ng6 7. Be3 d6 8. Bc4 Nf6 9. Re1 0-0 10. Kg1 Re8 11. Bg5 h6 12. Bxf6 Qxf6 13. Rf1 Nf4 14. Nd5 Qe6 15. Rxf4 Qd7 16. Qf3 Rf8 17. Rf1 a5 18. Nc3 Qe7 19. Rxf7 Rxf7 20. Qxf7+ Qxf7 21. Bxf7+ Kh7 22. Bb3 Bd7 23. Nd5 Rc8 24. Nc3 c5 25. dxc5 Rxc5 26. Rd1 Rc6 27. Ba4 Rxc3 28. bxc3 Bxa4 29. Rxd6 Bxc2 30. e5 Bg6 31. e6 b5 32. e7 Be8 33. Rd8 Bf7 34. e8Q Bxe8 35. Rxe8 1-0

[Event "CZE-ch U10"]
[Site "Kouty nad Desnou"]
[Date "2009.03.08"]
[Round "2"]
[White "Gruber, Tomas"]
[Black "Kastl, Daniel"]
[Result "1-0"]
[WhiteElo "1430"]
[BlackElo "1250"]
[PlyCount "87"]
[EventDate "2009.03.07"]
[EventType "swiss"]
[EventRounds "9"]
[EventCountry "CZE"]
[SourceTitle "EXT 2011"]
[Source "ChessBase"]
[SourceDate "2010.11.26"]
[SourceVersion "1"]
[SourceVersionDate "2010.11.26"]
[SourceQuality "1"]

1. e4 e5 2. Nf3 Nc6 3. d4 Nxd4 4. Nxd4 exd4 5. Qxd4 Qf6 6. Qxf6 Nxf6 7. Nc3 Bb4 8. Bd3 0-0 9. Bd2 b6 10. 0-0-0 Bb7 11. f3 d6 12. Rhe1 Rfe8 13. a3 Bc5 14. Re2 Kf8 15. Be3 Bxe3+ 16. Rxe3 c6 17. Rde1 Nd7 18. f4 h6 19. Kd2 a6 20. Na2 b5 21. c3 c5 22. b3 d5 23. g3 c4 24. bxc4 dxc4 25. Bc2 Nc5 26. e5 Rad8+ 27. Kc1 a5 28. Kb2 Nd3+ 29. Bxd3 Rxd3 30. Kc2 Red8 31. Rxd3 Rxd3 32. Nc1 Rd8 33. Na2 Bf3 34. Nc1 Re8 35. Ne2 Bxe2 36. Rxe2 f6 37. h3 Kf7 38. Kd1 Kg6 39. exf6 Rxe2 40. Kxe2 Kxf6 41. Ke3 g6 42. Ke4 Ke6 43. g4 b4 44. cxb4 1-0